Pilotos de F1 con 10 o más victorias - Estadísticas

Estadísticas generales
  • Esta prueba ha sido intentada 26 veces
  • La puntuación promedio es 17 de 36
Estadísticas de respuestas
Nº de victorias Nombre % Correcto
32 Fernando Alonso
100%
105 Lewis Hamilton
100%
53 Sebastian Vettel
100%
71 Max Verstappen
95%
91 Michael Schumacher
95%
41 Ayrton Senna
90%
23 Nico Rosberg
75%
21 Kimi Raikkonen
70%
11 Lando Norris
70%
25 Niki Lauda
70%
51 Alain Prost
65%
15 Jenson Button
60%
11 Felipe Massa
55%
24 Juan Manuel Fangio
55%
11 Jacques Villeneuve
45%
13 Alberto Ascari
40%
10 James Hunt
40%
23 Nelson Piquet
40%
31 NIgel Mansell
40%
10 Valtteri Bottas
40%
22 Damon Hill
35%
14 Emerson Fittipaldi
35%
14 Graham Hill
35%
20 Mika Hakkinen
35%
11 Rubens Barrichello
35%
14 Jack Brabham
30%
12 Alan Jones
20%
27 Jackie Stewart
20%
25 Jim Clark
20%
12 Mario Andretti
20%
16 Stirling Moss
20%
13 David Coulthard
15%
10 Jody Scheckter
15%
12 Carlos Reutemann
10%
10 Ronnie Peterson
10%
10 Gerhard Berger
0%
No se encontraron pruebas coincidentes
Distribución de puntuación
Porcentaje de gente con cada puntuación
Porcentaje por número respondido
Historial de tus puntuaciones
No has intentado esta prueba.